| 000 | 00747nam a2200193Ia 4500 | ||
|---|---|---|---|
| 003 | GCL | ||
| 008 | 140319s9999 xx 000 0 ara d | ||
| 040 |
_aGCL / _cGCL |
||
| 082 | 0 | 4 |
_a001.644 _bم م |
| 100 | 1 | _aمحمد السعيد خشبة | |
| 245 | 1 | 0 |
_aالمعالجة الالكترونية للمعلومات / _cمحمد السعيد خشبة |
| 260 |
_aالقاهرة : _bالمؤلف ، _c1991 |
||
| 300 |
_a143 ص ؛ _c25سم |
||
| 490 |
_aسلسلة الحاسبات الالكترونية وتخطيط البرامج المطورة _v2 |
||
| 650 | 0 | 4 | _aالحاسبات الالكترونية |
| 650 | 0 | 4 | _aالمعالجة الألية للبيانات |
| 650 | 0 | 4 | _aالمعالجات الالكترونية |
| 942 |
_2ddc _cBK |
||
| 999 |
_c42150 _d42150 |
||